Vainqueurs Euroleague - Statistiques

Statistiques générales
  • Ce quiz a été pris 413 fois
  • Le résultat moyen est 17 sur 25
Statistiques - réponses
Hint Réponse % Correct
2015 Real Madrid
98%
2018 Real Madrid
98%
2003 FC Barcelone
96%
2010 FC Barcelone
96%
1997 Olympiakós Le Pirée
76%
2012 Olympiakós Le Pirée
76%
2013 Olympiakós Le Pirée
76%
2017 Fenerbahçe
74%
2000 Panathinaïkós Athènes
70%
2002 Panathinaïkós Athènes
70%
2007 Panathinaïkós Athènes
70%
2009 Panathinaïkós Athènes
70%
2011 Panathinaïkós Athènes
70%
2006 CSKA Moscou
68%
2008 CSKA Moscou
68%
2016 CSKA Moscou
68%
2019 CSKA Moscou
68%
2021 Anadolu Efes Istanbul
65%
2022 Anadolu Efes Istanbul
65%
2001 Maccabi Tel-Aviv
47%
2004 Maccabi Tel-Aviv
47%
2005 Maccabi Tel-Aviv
47%
2014 Maccabi Tel-Aviv
47%
1998 Kinder Bologne
38%
1999 Žalgiris Kaunas
34%
Aucun quiz correspondant
Distribution des résultats
% des personnes avec chaque résultat
Percentile par nombre de réponses
Votre historique - résultats
Vous n’avez pas pris ce quiz